[Event "Maarssen OKU op-B"]
[Site "Maarssen"]
[Date "2013.06.02"]
[Round "5"]
[White "Romkes, Erik"]
[Black "Van Oostenbrugge, Rijk"]
[Result "0-1"]
[WhiteElo "1821"]
[BlackElo "1496"]
[PlyCount "44"]
[EventDate "2013.05.31"]
[EventType "swiss"]
[EventRounds "6"]
[EventCountry "NED"]
[SourceTitle "EXT 2015"]
[Source "ChessBase"]
[SourceDate "2014.11.20"]
[SourceVersion "1"]
[SourceVersionDate "2014.11.20"]
[SourceQuality "1"]

1. d4 Nf6 2. c4 c5 3. Nf3 e6 4. Nc3 d5 5. cxd5 exd5 6. e3 Nc6 7. Be2 Bf5 8. a3 a6 9. dxc5 Bxc5 10. 0-0 0-0 11. b4 Ba7 12. Bb2 Re8 13. Na2 Ng4 14. Nd4 Qh4 15. h3 Nxe3 16. fxe3 Rxe3 17. Rxf5 Nxd4 18. Bxd4 Bxd4 19. Kf1 Bxa1 20. Qxa1 Qe4 21. Rf2 Re8 22. Nc1 Qc2 0-1

[Event "Goch op 23rd"]
[Site "Goch"]
[Date "2012.09.02"]
[Round "6"]
[White "Molenkamp, Wim"]
[Black "Romkes, Erik"]
[Result "1-0"]
[WhiteElo "2046"]
[BlackElo "1774"]
[PlyCount "59"]
[EventDate "2012.08.30"]
[EventType "swiss"]
[EventRounds "7"]
[EventCountry "GER"]
[SourceTitle "EXT 2015"]
[Source "ChessBase"]
[SourceDate "2014.11.20"]
[SourceVersion "1"]
[SourceVersionDate "2014.11.20"]
[SourceQuality "1"]

1. b3 d5 2. Bb2 Nf6 3. e3 Bf5 4. Nf3 e6 5. g3 Be7 6. Bg2 0-0 7. d3 c6 8. Nbd2 Nbd7 9. Qe2 Qc7 10. e4 dxe4 11. dxe4 Bg4 12. 0-0 e5 13. h3 Bxf3 14. Nxf3 Bc5 15. Rad1 Rad8 16. Kh2 Rfe8 17. Rd3 h6 18. Rfd1 Be7 19. Nh4 Nc5 20. Rxd8 Rxd8 21. Rxd8+ Bxd8 22. Nf5 Kh7 23. Qe3 b6 24. Ba3 Ne6 25. Bd6 Qd7 26. Bxe5 Ng5 27. Qd3 g6 28. Ne3 Ne6 29. Qc3 Qe7 30. Qxc6 1-0

[Event "Goch op 23rd"]
[Site "Goch"]
[Date "2012.09.02"]
[Round "7"]
[White "Romkes, Erik"]
[Black "Barnickel, Josef"]
[Result "0-1"]
[WhiteElo "1774"]
[BlackElo "2052"]
[PlyCount "46"]
[EventDate "2012.08.30"]
[EventType "swiss"]
[EventRounds "7"]
[EventCountry "GER"]
[SourceTitle "EXT 2015"]
[Source "ChessBase"]
[SourceDate "2014.11.20"]
[SourceVersion "1"]
[SourceVersionDate "2014.11.20"]
[SourceQuality "1"]

1. d4 Nf6 2. c4 g6 3. Nc3 Bg7 4. e4 0-0 5. Be3 d6 6. f3 Nc6 7. Nge2 a6 8. Qd2 Rb8 9. Nc1 e5 10. Nb3 exd4 11. Nxd4 Re8 12. Be2 Nh5 13. g4 Nxd4 14. Bxd4 Bxd4 15. Qxd4 Nf4 16. Nd5 Nxd5 17. cxd5 c5 18. dxc6 bxc6 19. h4 Qa5+ 20. Kf2 d5 21. exd5 Rb4 22. Bc4 cxd5 23. Qxd5 Qb6+ 0-1

[Event "Goch op 23rd"]
[Site "Goch"]
[Date "2012.09.01"]
[Round "4"]
[White "Biessner, Eberhard"]
[Black "Romkes, Erik"]
[Result "0-1"]
[WhiteElo "1929"]
[BlackElo "1774"]
[PlyCount "52"]
[EventDate "2012.08.30"]
[EventType "swiss"]
[EventRounds "7"]
[EventCountry "GER"]
[SourceTitle "EXT 2015"]
[Source "ChessBase"]
[SourceDate "2014.11.20"]
[SourceVersion "1"]
[SourceVersionDate "2014.11.20"]
[SourceQuality "1"]

1. e4 c5 2. Nf3 e6 3. d4 cxd4 4. Nxd4 Nf6 5. Nc3 d6 6. Bg5 Be7 7. Qd2 a6 8. a4 Nbd7 9. Be2 Qc7 10. 0-0 b6 11. Kh1 Bb7 12. f3 Rc8 13. Rac1 Nc5 14. Nb3 0-0 15. Be3 Rfd8 16. g4 d5 17. g5 dxe4 18. Qe1 exf3 19. Bxf3 Ng4 20. Qe2 Bxf3+ 21. Rxf3 Qe5 22. Bf4 Qxe2 23. Nxe2 Nxb3 24. cxb3 Rxc1+ 25. Bxc1 Rd1+ 26. Kg2 Re1 0-1